| 000 | 00529nam a2200169 i 4500 | ||
|---|---|---|---|
| 001 | 169502 | ||
| 003 | ES-MaACL | ||
| 005 | 20230906214118.0 | ||
| 008 | 081001s1749 fr |||| | fre d | ||
| 080 | _a821.133.1-2"17" | ||
| 100 | 1 |
_aRousseau, Pierre. _9100061 |
|
| 245 | 1 | 3 |
_aLa mort de Bucéphale en un acte en vers / _c[Pierre Rousseau]. |
| 250 | _aNouvelle édition. | ||
| 260 |
_aParis : _bChez Cailleau, _c1749. |
||
| 300 |
_a32 p. ; _c20 cm. |
||
| 852 |
_aES-MaACL _jArmario 18 _z.- Biblioteca Jacinto Martínez Lacalle |
||
| 999 |
_c169502 _d169502 |
||